THE BABYSITTERS CLUB (Record no. 479)
[ view plain ]
| 000 -LEADER | |
|---|---|
| fixed length control field | 00435nam a22001457a 4500 |
| 020 ## - INTERNATIONAL STANDARD BOOK NUMBER | |
| ISBN | 0-590-42497-1 |
| 082 ## - DEWEY DECIMAL CLASSIFICATION NUMBER | |
| Classification number | 823 |
| Item number | MAR/D |
| 100 ## - MAIN ENTRY--AUTHOR NAME | |
| Personal name | ANN M MARTIN |
| 245 ## - TITLE STATEMENT | |
| Title | THE BABYSITTERS CLUB |
| Remainder of title | DAWN'S WICKED STEPSISTER |
| 260 ## - PUBLICATION, DISTRIBUTION, ETC. (IMPRINT) | |
| Place of publication | USA |
| Name of publisher | SCHOLASTIC.INC |
| Year of publication | 1990 |
| 300 ## - PHYSICAL DESCRIPTION | |
| Number of Pages | 153 |
| 520 ## - SUMMARY, ETC. | |
| Summary, etc | DAWN'S ALWAYS WANTED A SISTER. INSTEAD, SHE GOT MARY ANNE, THE WICKED STEPSISTER OF STONEYBROOK! |
| 650 ## - SUBJECT ADDED ENTRY--TOPICAL TERM | |
| Topical Term | DAWN'S WICKED STEPSISTER |
| 942 ## - ADDED ENTRY ELEMENTS (KOHA) | |
| Koha item type | Books |
| Withdrawn status | Lost status | Collection code | Home library | Current library | Shelving location | Date acquired | Full call number | Accession Number | Koha item type | Source of acquisition |
|---|---|---|---|---|---|---|---|---|---|---|
| Fiction | Main Library | Main Library | On Display | 25/09/2012 | 823 MAR/D | 05688 | Books | |||
| Fiction | Main Library | Main Library | On Display | 19/06/2010 | 823 MAR/D | 05454 | Books | purchase |